000 00440nam a2200169Ia 4500
003 OSt
005 20210826123021.0
008 190216s9999||||xx |||||||||||||| ||und||
040 _coclc
082 _a297
_bNAV/S
100 _aNavavi, Basheer
_98698
245 0 _aSahihul Muslim /
_cBasheer Navavi
260 _bAbi Haiyyam,
_c1995.
300 _a420p
650 _aArabic
942 _cBK
_2ddc
_h297
_iNAV/S
_k297
_mNAV/S
999 _c502
_d502